Statistiken für Alle Minderheiten Südkoreas

Klicken Sie hier um das Quiz zu spielen!

Allgemein

  • Dieses Quiz wurde 46 mal gespielt
  • Das Durchschnittsergebnis liegt bei 17 aus 22

Antwortstatistiken

BevölkerungLand% Korrekt
1,101,782China
98%
86,196Japan
95%
156,982USA
93%
12,929Indien
88%
209,909Thailand
88%
48,854Indonesien
85%
26,789Kanada
85%
29,294Myanmar
85%
61,427Russland
85%
42,767Taiwan
80%
224,518Vietnam
80%
47,565Kambodscha
78%
62,398Philippinen
78%
18,340Bangladesch
73%
48,185Mongolei
73%
13,990Pakistan
73%
15,222Australien
71%
14,790Malaysia
71%
34,638Kasachstan
66%
42,781Nepal
61%
75,320Usbekistan
59%
25,064Sri Lanka
49%

Verteilung der Resultate

Perzentil nach korrekt beantworteten Fragen

Anzahl Personen mit jedem Resultat

Ihre Resultats-Entwicklung

Sie haben dieses Quiz noch nicht gespielt